Animation vs. Minecraft Shorts – Sudden Death - Statistics

General Stats
  • This quiz has been taken 45 times
  • The average score is 7 of 15
Answers on the Grid
Answers color-coded by a green-red scale on the quiz's grid according to % correct below.
PvP
Build Battle
Texture Pack
The Witch
Monster School
Bedwars
Lucky Blocks
Command Blocks
The End
Potions
The Prank
Parkour
Note Blocks
Villagers
Lush Caves
The Forest
Target Practice
Zombies
The Obstacle Course
Temples
Herobrine
The MLG
Traps
The Wither
Beacons
Ocean Monument
The Outpost
Fireworks
Bedrock
The Aether
 
Answer Stats
Answer % Correct
Bedwars
71%
Parkour
65%
Build Battle
53%
Lucky Blocks
53%
Monster School
53%
Note Blocks
53%
Command Blocks
47%
Potions
47%
PvP
47%
The Prank
47%
Texture Pack
41%
Lush Caves
35%
The Witch
35%
The End
29%
Villagers
29%
No matching quizzes found
Score Distribution
Percent of People with Each Score
Percentile by Number Answered
Your Score History
You have not taken this quiz